[Event "Stay Safe Play From Home 359"]
[Site "Emanuel Lasker Arena"]
[Date "2020.08.05"]
[Round "4"]
[White "SoulofWolf"]
[Black "SelamiSahin"]
[Result "1-0"]
[WhiteElo "2208"]
[BlackElo "2163"]
[Annotator "TA"]
[PlyCount "81"]
[EventDate "2020.08.05"]
[EventType "swiss (blitz)"]

{[%evp 9,81,0,0,0,0,-1,0,-5,-7,-75,-79,-75,-68,-130,-62,-178,60,15,0,-92,-60,-66,-54,-121,-51,-89,-33,-74,-66,-70,-40,-161,-91,-207,-47,-123,-35,-47,-22,-21,-16,-39,-50,-59,-35,-122,-58,-93,-56,-268,-97,-98,-83,-107,-67,-263,-129,-140,262,256,251,-119,262,-190,-110,-220,660,638,657,634,713,689,724,654]} 1. d4 c6 2. Nf3 d5 3. Bg5 Nf6 {[#]} 4. Bh4 $146 ({Predecessor:} 4. e3 Bg4 5. Be2 Nbd7 6. O-O e6 7. c4 Be7 8. Nc3 O-O 9. Qb3 Qb6 10. h3 Bh5 11. c5 Qxb3 12. axb3 Bxf3 13. Bxf3 {½-½ (55) Balog,I (2566)-Almasi,Z (2687) Ajka 2019}) 4... Bf5 5. Nbd2 Nbd7 6. e3 {D03: 1 d4 d5 2 Nf3 Nf6 3 Bg5, including Torre Attack with early ...d5.} e6 7. c4 Be7 8. Rc1 {The position is equal.} Qb6 9. Be2 (9. Qb3 $11) 9... Qxb2 $17 10. O-O O-O $36 {[%mdl 2048] Black is pushing.} 11. a4 (11. c5 $15) 11... a6 (11... Ba3 $17 12. Ra1 Bc2) 12. Bg3 (12. g4 $15 Bg6 13. Bxf6 Bxf6 14. g5) 12... Ne4 $2 (12... Ba3 $19 13. Ra1 Bc2) 13. Nxe4 (13. Rb1 $5 {[%cal Rb1b2]} Qa2 14. Nxe4 (14. Rxb7 Nc3 $11) 14... dxe4 15. Ne5 Nxe5 16. Bxe5 $11) 13... Bxe4 14. Nd2 (14. cxd5 $11 exd5 15. Bd3) 14... Bg6 15. c5 Qb4 16. Ra1 (16. h4 $15) 16... Qa5 (16... b6 $17 17. cxb6 Qxb6) 17. f4 Rfd8 (17... Qc3 $17 18. Bf2 Rfe8) 18. h4 h6 19. Be1 Qc7 20. Bg3 (20. a5 $15) 20... Bf5 ({Better is} 20... b6 $19 21. Bh2 Qa7 22. cxb6 Qxb6) 21. Kh2 (21. a5 $17) 21... Nf8 $2 (21... b6 $19 22. cxb6 Qxb6) 22. Nf3 (22. a5 $1 $15) 22... Ng6 (22... b6 $17 23. cxb6 Qxb6) 23. Bd3 $15 Bxd3 24. Qxd3 f5 25. h5 Nf8 26. Ne5 Nd7 27. Nf3 (27. Ng6 $15 Nf6 28. Qe2) 27... Bf6 (27... Rdb8 $17 28. Qe2 b6 29. cxb6 Rxb6) 28. Rab1 Rab8 29. Rb2 $2 {[#]} (29. Be1 $15) 29... b6 $2 (29... Nxc5 $1 $19 {[%mdl 512] and Black stays clearly on top.} 30. Qd1 (30. dxc5 Bxb2) 30... Ne4) 30. cxb6 $17 Rxb6 31. Rc2 Rdb8 32. Rc3 $2 (32. Rfc1 $15) 32... Rb4 (32... c5 $19 {has better winning chances. And now ...c4 would win.} 33. dxc5 Nxc5) 33. Rfc1 {[#]} Rxa4 $2 {[%mdl 8192]} (33... c5 $1 $17 {[%cal Rc5c4] ...c4 is the strong threat.} 34. Qxa6 R4b6) 34. Rxc6 $18 Qd8 35. R1c3 $2 ({Only move:} 35. Rxe6 $18 Nf8 36. Rec6 (36. Qxf5 Nxe6 37. Qxe6+ Kh8 $11) (36. Rxa6 Rxa6 37. Qxa6 Qe8 $14)) 35... Rab4 $2 {[%mdl 8192]} (35... Qe8 $17 {and life is bright. Threatens to win with ...Nb6.} 36. Rxa6 Rab4) 36. Nd2 $4 {[%mdl 8192]} ({Stronger than} 36. Qxa6 R4b6 $11) (36. Rxe6 $18 {is the narrow road to win.} Nf8 37. Rxa6) 36... R4b6 ({Black should play} 36... Qe8 $19 37. Kg1 Rb2) 37. Rc7 (37. Rxb6 $17 {is a better defense.} Qxb6 38. Qc2) 37... R8b7 $4 {[%mdl 8192]} (37... Qe8 $19 38. Kg1 a5) 38. Rc8 {White is clearly winning.} Rb8 39. Rxd8+ Rxd8 40. Nb3 Re8 41. Na5 {Accuracy: White = 30%, Black = 24%.} 1-0

[Event "Stay Safe Play From Home 359"]
[Site "Emanuel Lasker Arena"]
[Date "2020.08.05"]
[Round "4"]
[White "TheCHESSHOUSE"]
[Black "Lamborghini"]
[Result "0-1"]
[WhiteElo "2051"]
[BlackElo "2304"]
[Annotator "TA"]
[PlyCount "76"]
[EventDate "2020.08.05"]
[EventType "swiss (blitz)"]

{[%evp 16,75,86,78,80,81,111,105,102,97,126,126,131,117,138,127,143,142,230,143,258,282,269,248,200,114,181,-68,-77,-172,-147,-199,-175,-289,-296,-421,-364,-551,-546,-555,-531,-890,-886,-1065,-1052,-991,-427,-408,-406,-386,-385,-443,87,-952,-954,-837,-732,-29993,-29994,-29997,-29994,-29999]} 1. d4 Nf6 2. c4 g6 3. Nc3 Bg7 4. e4 O-O 5. Nf3 d6 6. Be2 Bg4 7. O-O Nfd7 8. Be3 c5 {[#]} 9. d5 $1 Bxc3 {E91: King's Indian: Classical: 6 Be2, unusual replies including 6...c5 and 6...Bg4.} 10. bxc3 Qa5 11. Qc2 Nb6 {[#] White is better.} 12. a4 $146 ({Predecessor:} 12. Bh6 Bxf3 13. Bxf3 Re8 14. Be2 N8d7 15. f4 Qa4 16. Qd3 Nf8 17. e5 e6 18. Bxf8 Kxf8 19. dxe6 fxe6 20. Qxd6+ {½-½ (37) Guenther,T (2085)-Rohde,W (2185) Berlin 2012}) 12... Bxf3 13. Bxf3 N8d7 14. Bh6 Rfb8 15. Be2 a6 16. f4 Nc8 (16... Re8 $16 17. Rfb1 Rad8) 17. f5 Qd8 (17... Ncb6 $16 {keeps fighting.}) 18. fxg6 $18 hxg6 19. Bg4 Ne5 20. Bh3 (20. Qf2 $18) 20... Nb6 (20... b5 $16) 21. Bf4 $2 ({White must play} 21. Qf2 $18) 21... Nbxc4 $15 22. Kh1 (22. Qf2 $17 {might work better.}) 22... Kg7 23. Rae1 (23. Qf2 $17) 23... Qh8 24. Qc1 (24. Bg5 {was called for.} f6 25. Bf4) 24... Qh5 $19 25. Bg3 (25. Qc2 $142) 25... b5 {[%cal Bb7b5,Bb5a4,Ba4a3][%mdl 32]} 26. Qf4 (26. Qa1 {is a better defense.}) 26... bxa4 27. Qf2 a3 28. Ra1 Rb2 29. Qg1 a2 30. Rf2 Rxf2 (30... Nd2 $142 31. Bxe5+ Qxe5 {[%mdl 64] Double Attack}) 31. Qxf2 Rb8 32. Qxa2 a5 33. Rf1 Rb2 $2 (33... Ne3 $19 34. Ra1 N5c4) 34. Qa1 $2 {[%mdl 8192] [#] White does not recover from this.} (34. Bxe5+ $16 Qxe5 35. Qxc4) 34... a4 $1 {[%mdl 512]} 35. Qxa4 Ne3 36. Qe8 Nxf1 {Black mates.} 37. Bf4 Qd1 {[%cal Rf1g3]} 38. Be6 Ng3# {Accuracy: White = 25%, Black = 62%.} 0-1

[Event "Stay Safe Play From Home 359"]
[Site "Emanuel Lasker Arena"]
[Date "2020.08.05"]
[Round "4"]
[White "AgentsofShield"]
[Black "Gokerkan"]
[Result "0-1"]
[WhiteElo "1946"]
[BlackElo "2568"]
[Annotator "TA"]
[PlyCount "110"]
[EventDate "2020.08.05"]
[EventType "swiss (blitz)"]

{[%evp 18,110,0,-1,0,-16,-16,-14,-21,-12,-21,-18,1,-42,2,2,20,-87,-67,-67,58,-77,-89,-79,-77,-85,78,75,360,360,360,360,360,347,404,339,319,190,190,197,185,189,215,202,220,219,214,158,204,202,262,255,253,204,197,169,340,337,466,401,490,488,667,635,523,349,693,650,1603,683,577,248,29986,-216,1666,14,14,14,14,13,13,0,0,-29984,-29984,-29986,-29987,-29989,-29990,-29990,-29991,-29991,-29991,-29991,-29990]} 1. Nf3 g6 2. g3 c5 3. d3 Nf6 4. Nbd2 Bg7 5. Bg2 O-O 6. O-O d5 7. Re1 Nc6 8. e4 dxe4 9. dxe4 Qc7 10. c3 Rd8 {A08: King's Indian Attack.} 11. h3 e5 12. Qc2 h6 {The position is equal.} 13. Nc4 Be6 14. Ne3 b5 {[#]} 15. Nd2 $146 ({Predecessor:} 15. Nh4 Rac8 16. Qe2 a6 17. Ng4 Nxg4 18. hxg4 Qd7 19. f3 Qd3 20. Qxd3 Rxd3 21. Bf1 Rd7 22. a4 Rb7 {½-½ (22) Mueller,M (2091)-Schlichtmann,R (1983) Westerndorf St Peter 2013}) 15... c4 16. a4 a6 {[#]} 17. b4 (17. Nd5 $1 $11 {[%mdl 512] keeps the balance.} Nxd5 (17... Bxd5 18. exd5) 18. exd5 Bxd5 19. Bxd5 Rxd5 20. axb5 Rxb5 21. Nxc4) 17... cxb3 $17 18. Nxb3 {[#]} Nd4 (18... Nb4 $1 $15 {[%mdl 512]} 19. cxb4 Qxc2 20. Nxc2 Bxb3) 19. cxd4 (19. Nxd4 $14 exd4 20. cxd4 Qxc2 21. Nxc2) 19... Qxc2 20. Nxc2 Bxb3 21. dxe5 Bxc2 $2 (21... Nd7 $17 {keeps the pressure on.} 22. Nd4 {[%mdl 64] Double Attack} bxa4) 22. exf6 $16 Bxf6 $2 {[%mdl 8192]} (22... Bf8 $16) 23. e5 $18 Bg7 24. Bxa8 Rxa8 25. axb5 a5 26. Bd2 a4 27. Bb4 (27. b6 $142) 27... Rb8 28. Bd6 Rxb5 29. f4 g5 30. Kf2 gxf4 31. gxf4 Kh7 32. Re3 Bb3 33. Rg1 Bc2 34. Reg3 Bh8 35. Rg8 Rb2 {Threatening ...Bg6+.} 36. Rf8 Bg6+ $2 (36... Bg7 {was worth a try.}) 37. Ke3 Bg7 {[#]} 38. f5 $1 Rb3+ (38... Bxf5 39. Rxf7) 39. Kd4 Bxf5 {Strongly threatening ...Rd3+.} 40. Rxf7 {[%mdl 64] Double Attack} Bg6 41. Re7 Rd3+ $2 (41... Rxh3 42. Ra7 Rf3) 42. Kc5 a3 43. Kb4 (43. e6 $142 Rc3+ 44. Kb4) 43... a2 44. Ra1 (44. Ra7 $142 {aiming for Bf8.} Rd4+ 45. Kc5) 44... Rxd6 $2 (44... Rd4+ $18 45. Kc3 Rd3+ 46. Kc4 Rd2) 45. Ra7 $4 {[%mdl 8192]} (45. exd6 {mates} Bf5 46. Rxa2 Kg6 47. Rg2+ Kf6 48. Rgxg7 Bxh3 49. d7 Bxd7 50. Rxd7) 45... Kg8 $4 {[%mdl 8192] [#]} (45... Rb6+ $19 46. Kc5 Re6 47. R1xa2 Rxe5+ 48. Kb6 h5) 46. exd6 $2 (46. Rxg7+ $1 $18 {[%mdl 512]} Kxg7 47. exd6) 46... Bxa1 $11 47. Rxa2 Bf6 48. Ra8+ Kf7 49. Kc5 Be4 50. d7 $2 {[%mdl 8192]} (50. Rb8 $11) 50... Bxa8 {Black mates.} 51. d8=Q Bxd8 52. h4 Bxh4 53. Kd4 Bg3 54. Ke3 Kf6 55. Ke2 Bg2 {Accuracy: White = 44%, Black = 36%.} 0-1

[Event "Stay Safe Play From Home 359"]
[Site "Emanuel Lasker Arena"]
[Date "2020.08.05"]
[Round "4"]
[White "Buzaglo"]
[Black "Trotsky"]
[Result "1-0"]
[WhiteElo "1841"]
[BlackElo "1614"]
[Annotator "NA RC"]
[PlyCount "65"]
[EventDate "2020.08.05"]
[EventType "swiss (blitz)"]

1. d4 {[%emt 0:00:01]} d5 {[%emt 0:00:01]} 2. Nf3 {[%emt 0:00:00]} e6 {[%emt 0:00:00]} 3. g3 {[%emt 0:00:00]} c5 {[%emt 0:00:01]} 4. Bg2 {[%emt 0:00:00]} Nc6 {[%emt 0:00:01]} 5. O-O {[%emt 0:00:00]} Bd6 {[%emt 0:00:01]} 6. dxc5 {[%emt 0:00:01]} Bxc5 {[%emt 0:00:01]} 7. c4 {[%emt 0:00:01]} Nf6 {[%emt 0:00:01]} 8. cxd5 {[%emt 0:00:01]} exd5 {[%emt 0:00:01]} 9. Nc3 {[%emt 0:00:00]} Be6 {[%emt 0:00:01]} 10. Ng5 {[%emt 0:00:01]} h5 {[%emt 0:00:02]} 11. h4 {[%emt 0:00:02]} a6 {[%emt 0:00:02]} 12. Nxe6 {[%emt 0:00:03]} fxe6 {[%emt 0:00:01]} 13. e4 {[%emt 0:00:00]} d4 {[%emt 0:00:01]} 14. Na4 {[%emt 0:00:02]} Bd6 {[%emt 0:00:01]} 15. Re1 {[%emt 0:00:02]} Qc7 {[%emt 0:00:02]} 16. f4 {[%emt 0:00:02]} Ng4 {[%emt 0:00:02]} 17. e5 {[%emt 0:00:01]} Ncxe5 {[%emt 0:00:03]} 18. fxe5 {[%emt 0:00:01]} Bxe5 {[%emt 0:00:01]} 19. Rxe5 {[%emt 0:00:08]} Qxe5 {[%emt 0:00:02]} 20. Bf4 {[%emt 0:00:01]} Qb5 {[%emt 0:00:12]} 21. b3 {[%emt 0:00:07]} e5 {[%emt 0:00:02]} 22. Bg5 {[%emt 0:00:02]} Rf8 {[%emt 0:00:05]} 23. Rc1 {[%emt 0:00:03]} Rf2 {[%emt 0:00:03]} 24. Rc2 {[%emt 0:00:08]} Ne3 {[%emt 0:00:04]} 25. Rxf2 {[%emt 0:00:02]} Nxd1 {[%emt 0:00:01]} 26. Nb2 {[%emt 0:00:03]} Nxb2 {[%emt 0:00:02]} 27. Rxb2 {[%emt 0:00:02]} d3 {[%emt 0:00:01]} 28. Rf2 {[%emt 0:00:00]} e4 {[%emt 0:00:01]} 29. Be3 {[%emt 0:00:01]} d2 {[%emt 0:00:01]} 30. Bxd2 {[%emt 0:00:00]} Rd8 {[%emt 0:00:01]} 31. Be3 {[%emt 0:00:00]} Rd1+ {[%emt 0:00:01]} 32. Kh2 {[%emt 0:00:00]} Qb4 {[%emt 0:00:02]} 33. Bxe4 {[%emt 0:00:00] Âðåìÿ Âðåìÿ Âðåìÿ Âðåìÿ Âðåìÿ (Lag: Av=0.42s, max=1.1s) (Lag: Av=0.42s, max=1.1s) (Lag: Av=0.42s, max=1.1s) (Lag: Av=0.42s, max=1.1s) (Lag: Av=0.42s, max=1.1s)} 1-0

[Event "Stay Safe Play From Home 359"]
[Site "Emanuel Lasker Arena"]
[Date "2020.08.05"]
[Round "4"]
[White "Padmaesh M K"]
[Black "Ao017545"]
[Result "0-1"]
[WhiteElo "1820"]
[BlackElo "1545"]
[Annotator "NA RC"]
[PlyCount "62"]
[EventDate "2020.08.05"]
[EventType "swiss (blitz)"]

1. Nf3 {[%emt 0:00:02]} e5 {[%emt 0:00:00]} 2. Nxe5 {[%emt 0:00:01]} Qf6 {[%emt 0:00:00]} 3. Nf3 {[%emt 0:00:01]} Bc5 {[%emt 0:00:01]} 4. d4 {[%emt 0:00:01]} Bb6 {[%emt 0:00:02]} 5. Be3 {[%emt 0:00:02]} Nc6 {[%emt 0:00:01]} 6. Nc3 {[%emt 0:00:01]} Ba5 {[%emt 0:00:03]} 7. Qd2 {[%emt 0:00:03]} Nge7 {[%emt 0:00:01]} 8. Bg5 {[%emt 0:00:01]} Qg6 {[%emt 0:00:06]} 9. e3 {[%emt 0:00:01]} Nd5 {[%emt 0:00:02]} 10. Bd3 {[%emt 0:00:02]} Nxc3 {[%emt 0:00:04]} 11. bxc3 {[%emt 0:00:02]} Qh5 {[%emt 0:00:03]} 12. h3 {[%emt 0:00:02]} f6 {[%emt 0:00:02]} 13. g4 {[%emt 0:00:02]} Qf7 {[%emt 0:00:00]} 14. Bf4 {[%emt 0:00:01]} O-O {[%emt 0:00:01]} 15. c4 {[%emt 0:00:03]} Bxd2+ {[%emt 0:00:04]} 16. Kxd2 {[%emt 0:00:00]} Nb4 {[%emt 0:00:01]} 17. g5 {[%emt 0:00:04]} Nxd3 {[%emt 0:00:00]} 18. cxd3 {[%emt 0:00:02]} fxg5 {[%emt 0:00:00]} 19. Nxg5 {[%emt 0:00:01]} Qf6 {[%emt 0:00:06]} 20. Rhg1 {[%emt 0:00:01]} Qb6 {[%emt 0:00:01]} 21. Rab1 {[%emt 0:00:05]} Qa5+ {[%emt 0:00:00]} 22. Kc1 {[%emt 0:00:06]} h6 {[%emt 0:00:01]} 23. Ne4 {[%emt 0:00:02]} Rxf4 {[%emt 0:00:01]} 24. exf4 {[%emt 0:00:02]} Qa3+ {[%emt 0:00:00]} 25. Rb2 {[%emt 0:00:05]} Qxd3 {[%emt 0:00:01]} 26. Nd2 {[%emt 0:00:01]} Qxd4 {[%emt 0:00:02]} 27. f5 {[%emt 0:00:00]} Qc3+ {[%emt 0:00:01]} 28. Rc2 {[%emt 0:00:01]} Qd3 {[%emt 0:00:00]} 29. f6 {[%emt 0:00:02]} g5 {[%emt 0:00:04]} 30. h4 {[%emt 0:00:02]} Kf7 {[%emt 0:00:00]} 31. hxg5 {[%emt 0:00:00]} hxg5 {[%emt 0:00:01] Time Time Time Time Time (Lag: Av=0.60s, max=0.8s) (Lag: Av=0.60s, max=0.8s) (Lag: Av=0.60s, max=0.8s) (Lag: Av=0.60s, max=0.8s) (Lag: Av=0.60s, max=0.8s)} 0-1

[Event "Stay Safe Play From Home 359"]
[Site "Emanuel Lasker Arena"]
[Date "2020.08.05"]
[Round "5"]
[White "NTBT_DHS"]
[Black "BrainThinker22"]
[Result "1-0"]
[WhiteElo "2612"]
[BlackElo "2331"]
[Annotator "NA RC"]
[PlyCount "97"]
[EventDate "2020.08.05"]
[EventType "swiss (blitz)"]

1. d4 {[%emt 0:00:01]} d5 {[%emt 0:00:01]} 2. Nc3 {[%emt 0:00:00]} c6 {[%emt 0:00:01]} 3. Bf4 {[%emt 0:00:00]} Bf5 {[%emt 0:00:01]} 4. f3 {[%emt 0:00:01]} e6 {[%emt 0:00:01]} 5. e4 {[%emt 0:00:01]} dxe4 {[%emt 0:00:00]} 6. fxe4 {[%emt 0:00:00]} Bg6 {[%emt 0:00:00]} 7. Nf3 {[%emt 0:00:00]} Nf6 {[%emt 0:00:01]} 8. Bd3 {[%emt 0:00:01]} Bb4 {[%emt 0:00:01]} 9. Qe2 {[%emt 0:00:01]} Bxc3+ {[%emt 0:00:01]} 10. bxc3 {[%emt 0:00:00]} Nbd7 {[%emt 0:00:00]} 11. O-O {[%emt 0:00:01]} O-O {[%emt 0:00:01]} 12. Bd6 {[%emt 0:00:00]} Re8 {[%emt 0:00:01]} 13. e5 {[%emt 0:00:01]} Nd5 {[%emt 0:00:01]} 14. c4 {[%emt 0:00:00]} Nf4 {[%emt 0:00:01]} 15. Qe3 {[%emt 0:00:00]} Nxd3 {[%emt 0:00:03]} 16. cxd3 {[%emt 0:00:00]} Rc8 {[%emt 0:00:04]} 17. Rab1 {[%emt 0:00:03]} b6 {[%emt 0:00:01]} 18. Rb2 {[%emt 0:00:01]} c5 {[%emt 0:00:01]} 19. Rbf2 {[%emt 0:00:01]} cxd4 {[%emt 0:00:02]} 20. Nxd4 {[%emt 0:00:00]} Nc5 {[%emt 0:00:03]} 21. Rd2 {[%emt 0:00:06]} Qh4 {[%emt 0:00:08]} 22. Rf4 {[%emt 0:00:02]} Qh6 {[%emt 0:00:01]} 23. g3 {[%emt 0:00:01]} Red8 {[%emt 0:00:03]} 24. Nb5 {[%emt 0:00:02]} Nb7 {[%emt 0:00:05]} 25. Nxa7 {[%emt 0:00:02]} Ra8 {[%emt 0:00:01]} 26. Qxb6 {[%emt 0:00:00]} Nxd6 {[%emt 0:00:01]} 27. exd6 {[%emt 0:00:00]} e5 {[%emt 0:00:01]} 28. Rff2 {[%emt 0:00:04]} Rab8 {[%emt 0:00:00]} 29. Qc7 {[%emt 0:00:03]} Rb1+ {[%emt 0:00:00]} 30. Kg2 {[%emt 0:00:03]} Rf8 {[%emt 0:00:01]} 31. d7 {[%emt 0:00:02]} Qg5 {[%emt 0:00:00]} 32. Nc6 {[%emt 0:00:02]} h5 {[%emt 0:00:02]} 33. d8=Q {[%emt 0:00:01]} Rxd8 {[%emt 0:00:00]} 34. Qxd8+ {[%emt 0:00:00]} Qxd8 {[%emt 0:00:00]} 35. Nxd8 {[%emt 0:00:00]} Kh7 {[%emt 0:00:00]} 36. Nxf7 {[%emt 0:00:01]} Ra1 {[%emt 0:00:00]} 37. Nxe5 {[%emt 0:00:01]} Be8 {[%emt 0:00:00]} 38. Rf8 {[%emt 0:00:01]} Ba4 {[%emt 0:00:01]} 39. d4 {[%emt 0:00:01]} Rb1 {[%emt 0:00:01]} 40. Ra8 {[%emt 0:00:02]} Bd1 {[%emt 0:00:00]} 41. d5 {[%emt 0:00:01]} Bg4 {[%emt 0:00:00]} 42. Nxg4 {[%emt 0:00:01]} hxg4 {[%emt 0:00:00]} 43. d6 {[%emt 0:00:00]} Rc1 {[%emt 0:00:00]} 44. d7 {[%emt 0:00:00]} Rxc4 {[%emt 0:00:00]} 45. d8=Q {[%emt 0:00:00]} Rc6 {[%emt 0:00:00]} 46. Qg8+ {[%emt 0:00:02]} Kg6 {[%emt 0:00:00]} 47. Qe8+ {[%emt 0:00:01]} Kf6 {[%emt 0:00:01]} 48. Qxc6+ {[%emt 0:00:00]} Kg5 {[%emt 0:00:00]} 49. Rd5# {[%emt 0:00:00] (Lag: Av=0.63s, max=0.8s) (Lag: Av=0.63s, max=0.8s) (Lag: Av=0.63s, max=0.8s) (Lag: Av=0.63s, max=0.8s) (Lag: Av=0.63s, max=0.8s) Mate Mate Mate Mate Mate} 1-0

[Event "Stay Safe Play From Home 359"]
[Site "Emanuel Lasker Arena"]
[Date "2020.08.05"]
[Round "5"]
[White "Gokerkan"]
[Black "SoulofWolf"]
[Result "1-0"]
[WhiteElo "2569"]
[BlackElo "2223"]
[Annotator "TA"]
[PlyCount "49"]
[EventDate "2020.08.05"]
[EventType "swiss (blitz)"]

{[%evp 9,49,128,119,116,193,190,199,184,199,141,217,181,329,193,429,266,744,730,776,766,741,716,708,656,1002,988,1981,1985,1809,1886,29982,1735,1657,1659,1640,1608,29990,29991,29991,29992,29993,29990]} 1. e4 d5 2. exd5 c6 3. dxc6 bxc6 4. Nf3 {[#]} g6 $146 ({Predecessor:} 4... e6 5. g3 Bb4 6. Bg2 Nf6 7. a3 O-O 8. axb4 Qd5 9. d3 e5 10. O-O Rd8 {1-0 (38) Virviescas Sanchez,G (1448)-Toro Meneses,S Santander 2012}) 5. d4 Bg7 6. Nc3 {B01: Scandinavian Defence.} Bd7 (6... Nf6 $16 {was necessary.} 7. Bc4 O-O) 7. Bc4 $18 Nf6 8. O-O {White is clearly better.} O-O 9. Re1 ({White should play} 9. Ne5 $18) 9... e6 (9... Bg4 $16 {is a better defense.} 10. Bg5 h6) 10. Bg5 {And now Ne4 would win.} a5 (10... Bc8 $142 11. a4 h6) 11. Ne5 (11. Ne4 $142) 11... Be8 $2 {[#]} (11... Qc7 12. Qd2 Bc8) 12. Qf3 Qc7 $2 (12... h6) 13. Bxf6 Nd7 14. Bxg7 Kxg7 15. Rad1 Nf6 16. Ne4 Nd7 17. Nxd7 Qxd7 18. Qf6+ Kg8 19. Qe5 {[#] White wants to mate with Nf6+.} f5 20. Nf6+ (20. Bxe6+ $142 Qxe6 21. Qxe6+ Rf7 22. Nf6+ Kf8 23. Nxe8 a4 24. Qxc6 Rd8 25. Nd6) 20... Rxf6 21. Qxf6 Bf7 22. Rxe6 {Rde1! would kill now.} Bxe6 23. Bxe6+ {White mates.} Qxe6 24. Qxe6+ Kg7 25. Qxc6 {Black did not feel at home in the position after the opening. Accuracy: White = 32%, Black =  8%.} 1-0

[Event "Stay Safe Play From Home 359"]
[Site "Emanuel Lasker Arena"]
[Date "2020.08.05"]
[Round "5"]
[White "Nuktotitakoi"]
[Black "Tran Minh Thang"]
[Result "1-0"]
[WhiteElo "2440"]
[BlackElo "2513"]
[Annotator "TA"]
[PlyCount "43"]
[EventDate "2020.08.05"]
[EventType "swiss (blitz)"]

{[%evp 10,43,-3,-12,42,18,12,18,122,110,153,147,153,150,146,149,456,432,584,541,568,578,1087,1089,1114,1102,1112,1120,1344,1384,29995,29996,29996,29996,29998,29999]} 1. e4 c5 2. Nc3 a6 3. Nf3 e6 4. a4 Nc6 5. d4 cxd4 6. Nxd4 Bb4 {B40: Sicilian: 2...e6, Unusual lines.} ({Better is} 6... d5 $11) 7. g3 Qc7 8. Bg2 {[#]} Nxd4 $146 (8... Nf6 $11 {keeps the balance.}) ({Predecessor:} 8... Nf6 9. O-O O-O 10. Nde2 Be7 11. h3 d6 12. Kh2 Bd7 13. f4 Rab8 14. g4 b5 15. axb5 axb5 16. g5 Ne8 17. Ng3 b4 18. Nce2 f6 19. Be3 fxg5 20. fxg5 Rxf1 21. Qxf1 {½-½ (40) Atakishiyev,E (1739)-Yeritsyan,A (2063) Porec 2015}) 9. Qxd4 $16 {[%mdl 64] Double Attack} Bxc3+ 10. bxc3 e5 11. Qd3 d6 12. Ba3 Ke7 $2 {[%mdl 8192]} (12... f6 $16 {is more resistant.} 13. f4 (13. Bxd6 Qc6 $16) 13... Nh6) 13. Rd1 $18 {[%cal Ra3d6]} Qc6 14. Bxd6+ {[%mdl 64] Double Attack} Ke8 15. Bxe5 {[%csl Gd1][%cal Rd3d8]} Be6 16. Bxg7 Ne7 17. Bxh8 Rc8 18. Bf6 Qxa4 19. O-O Bc4 {[#]} 20. Qd6 $1 {[%csl Gf6][%cal Rd6e7] White mates.} Nc6 {[#]} 21. e5 $1 Bxf1 22. Bxc6+ {Black got outplayed after the opening. Accuracy: White = 100%, Black = 16%.} 1-0

[Event "Stay Safe Play From Home 359"]
[Site "Emanuel Lasker Arena"]
[Date "2020.08.05"]
[Round "5"]
[White "Uber_WING"]
[Black "AChessPlayer"]
[Result "1-0"]
[WhiteElo "2291"]
[BlackElo "2440"]
[Annotator "TA"]
[PlyCount "87"]
[EventDate "2020.08.05"]
[EventType "swiss (blitz)"]

{[%evp 9,86,24,28,29,39,25,40,17,10,34,24,5,50,39,48,29,40,32,31,28,56,18,37,0,0,0,34,42,49,24,110,97,89,104,238,252,241,237,247,252,241,241,239,205,152,163,189,86,203,91,221,200,239,203,232,191,170,-392,-48,-350,123,-17,0,0,0,0,0,-487,13,13,97,126,93,88,29995,29996,29998,29999,29999]} 1. e4 c6 2. Nc3 d6 3. d3 g6 4. g3 Bg7 5. Bg2 c5 6. Be3 {B11: Caro-Kann: Two Knights Variation.} Nc6 7. Qd2 {[#]} e5 $146 ({Predecessor:} 7... Bd7 8. Nge2 Qc8 9. Nf4 Nf6 10. h3 O-O 11. Nfd5 Re8 12. Bh6 Bh8 13. Nxf6+ Bxf6 {1-0 (46) Peshkova,T-Khropova,L (2050) Kolontaevo 1997}) 8. Nge2 {White is slightly better.} Nge7 9. Bh6 O-O 10. h4 f6 11. Bxg7 Kxg7 12. h5 g5 $1 13. h6+ Kh8 14. f4 $36 {[%mdl 2048] Black is under pressure.} Rg8 {Black wants to play ...gxf4.} 15. fxe5 dxe5 16. O-O-O Be6 17. Rdf1 Rf8 18. Rf2 Nd4 19. Rhf1 Nec6 (19... Ng8 $1 $11 {keeps the balance.}) 20. Nd5 {[%cal Rf2f6]} Nxe2+ 21. Qxe2 {[%cal Rd5f6]} Bxd5 (21... f5 $16 {was called for.}) 22. exd5 $18 Nd4 23. Qe4 {c3 is the strong threat.} Qd6 24. c3 Nb5 25. Bh3 Qe7 26. a4 Nd6 27. Qe2 b6 28. Bf5 (28. Be6 $18 {and White stays clearly on top.}) 28... Rf7 (28... a6 $16) 29. g4 (29. Be6 $18 {is more deadly.} Rff8 30. Rf3) 29... Rff8 (29... Nxf5 $16 30. Rxf5 Rc8) 30. Be6 $1 Rae8 31. Kd2 Qd8 32. Rf3 c4 33. Qf2 $4 {[%mdl 8192] [#]} (33. dxc4 $18 {and all is fine. Threatens to win with Kc2.} Nxc4+ 34. Kc2 (34. Qxc4 Rxe6 35. Qe4 Kg8 $16)) 33... cxd3 $2 (33... Rxe6 $1 $19 {[%mdl 512]} 34. Ke1 (34. dxe6 $2 {too greedy.} Ne4+ {[%mdl 64] Double Attack} 35. Kc2 Nxf2 $19) 34... Re7 35. Rxf6 Ref7 36. Rxf7 Rxf7) 34. Ke3 $2 {[%mdl 8192] [#]} (34. Re3 $1 $15) 34... f5 $2 (34... e4 $1 $19 35. Rxf6 Qxf6 36. Qxf6+ Rxf6 37. Rxf6 Nc4+ {[%mdl 64] Double Attack} 38. Kxe4 d2) 35. gxf5 (35. Rxf5 $1 $16 Nxf5+ 36. gxf5) 35... e4 36. Rg3 Qf6 37. Kd2 Nc4+ 38. Kc1 $2 {[%mdl 8192] [#]} (38. Ke1 $1 $11 {and White stays safe.}) 38... d2+ $2 (38... Qe5 $1 $19 {Strongly threatening ...e3.} 39. a5 d2+ 40. Kc2 e3) 39. Kc2 $11 e3 (39... Qe5 $1 $11 40. Qd4 Qxd4 41. cxd4 e3) 40. Rxe3 $1 $16 {And now Re2 would win.} Nxe3+ 41. Qxe3 Qxf5+ $2 {[%mdl 8192]} (41... d1=B+ $16 42. Kxd1 Qxh6) 42. Rxf5 {White mates.} Rxf5 43. Qd4+ Re5 44. Qxe5# {Accuracy: White = 54%, Black = 43%.} 1-0